000 01095cam a2200265 4500
001 sa 68004320
003 DLC
005 20260227112501.0
008 681119s1966 ii b 100 0 eng
010 _asa 68004320
025 _aPL480:I-E-6161
040 _aDLC
_cDLC
_dDLC
050 0 0 _aJQ218
_b.S4 1965
082 0 0 _a320/.0954
111 2 _aSeminar on the Dilemmas of Democratic Politics in India,
_cDharwar, India,
_d1965.
245 1 0 _aDilemmas of democratic politics in India,
_cedited by G. S. Halappa.
260 _aBombay,
_bManaktalas
_c[1966]
300 _axiv, 295 p.
_c23 cm.
504 _aIncludes bibliographies.
500 _a"This volume is the outcome of the Seminar on the Dilemmas of Democratic Politics in India organized under the joint auspices of the U.G.C. and the Department of Political Science, Karnatak University Dharwar, in January 1965."
651 0 _aIndia
_xPolitics and government.
700 1 _aHālappa, Ga. Sa.
710 1 _aIndia.
_bUniversity Grants Commission.
710 2 _aKarnatak University, Dharwar, India.
_bDepartment of Political Science.
999 _c80117
_d80117